[Event "Mondariz op 9th"]
[Site "Mondariz Balneario"]
[Date "2011.08.27"]
[Round "6.1"]
[White "Saborido Bua, Jorge"]
[Black "Alonso Martinez, Tomas"]
[Result "0-1"]
[WhiteElo "2008"]
[BlackElo "2139"]
[PlyCount "90"]
[EventDate "2011.08.22"]
[EventType "swiss"]
[EventRounds "7"]
[EventCountry "ESP"]
[SourceTitle "EXT 2024"]
[Source "ChessBase"]
[SourceDate "2023.10.10"]
[SourceVersion "1"]
[SourceVersionDate "2023.10.10"]
[SourceQuality "1"]

1. e4 Nf6 2. e5 Nd5 3. d4 d6 4. exd6 cxd6 5. c4 Nf6 6. Nc3 g6 7. Bd3 Bg7 8. Nge2 0-0 9. 0-0 d5 10. cxd5 Nxd5 11. Qb3 Nb6 12. d5 N8d7 13. Be3 Ne5 14. Bxb6 Qxb6 15. Qxb6 axb6 16. Bb5 Rd8 17. a4 Bd7 18. Ra2 Bxb5 19. Nxb5 Nd3 20. Nec3 Nb4 21. Ra3 Bxc3 22. Nxc3 Nxd5 23. Nxd5 Rxd5 24. Rb3 b5 25. axb5 Ra5 26. Rc1 Raxb5 27. Rxb5 Rxb5 28. Rc2 e5 29. Kf1 Kf8 30. Ke2 Rb3 31. Kd2 Ke7 32. Rc7+ Ke6 33. Kc2 Rb6 34. Kb1 h5 35. Ka2 f5 36. Rc2 e4 37. Ka3 Kd5 38. g3 g5 39. Rc7 f4 40. Rg7 e3 41. Rxg5+ Kc4 42. b4 exf2 43. Rc5+ Kd3 44. Rc1 fxg3 45. hxg3 Ke2 0-1

[Event "Mondariz op 9th"]
[Site "Mondariz Balneario"]
[Date "2011.08.25"]
[Round "4.8"]
[White "Fernandez Andrade, Antonio"]
[Black "Alonso Martinez, Tomas"]
[Result "0-1"]
[WhiteElo "1862"]
[BlackElo "2139"]
[PlyCount "54"]
[EventDate "2011.08.22"]
[EventType "swiss"]
[EventRounds "7"]
[EventCountry "ESP"]
[SourceTitle "EXT 2024"]
[Source "ChessBase"]
[SourceDate "2023.10.10"]
[SourceVersion "1"]
[SourceVersionDate "2023.10.10"]
[SourceQuality "1"]

1. e4 Nf6 2. Nc3 d5 3. e5 d4 4. exf6 dxc3 5. fxg7 cxd2+ 6. Bxd2 Bxg7 7. Qf3 Bxb2 8. Bc4 e6 9. Rd1 Qf6 10. Qb3 Qg7 11. Ne2 Be5 12. Qh3 Nc6 13. Bh6 Qg6 14. Bd3 f5 15. Bf4 Bd7 16. Bb5 Bxf4 17. Nxf4 Qf7 18. Qh4 Ne5 19. Bxd7+ Nxd7 20. 0-0 0-0 21. Rd3 Kh8 22. Ng6+ Qxg6 23. Rxd7 Rf7 24. Rfd1 Raf8 25. Rd8 Qg7 26. Rxf8+ Rxf8 27. Rd8 Qa1+ 0-1

[Event "Mondariz Balneario op 9th"]
[Site "Mondariz"]
[Date "2009.12.27"]
[Round "2"]
[White "Alonso Martinez, Tomas"]
[Black "Frois, Antonio"]
[Result "1-0"]
[WhiteElo "2149"]
[BlackElo "2404"]
[PlyCount "81"]
[EventDate "2009.12.26"]
[EventType "swiss"]
[EventRounds "7"]
[EventCountry "ESP"]
[SourceTitle "CBM 134 Extra"]
[Source "ChessBase"]
[SourceDate "2010.03.03"]
[SourceVersion "1"]
[SourceVersionDate "2010.03.03"]
[SourceQuality "1"]

1. Nf3 Nf6 2. d3 d5 3. g3 g6 4. Bg2 Bg7 5. Nbd2 c5 6. 0-0 0-0 7. e4 Nc6 8. Re1 e6 9. c3 b6 10. e5 Nd7 11. d4 Qc7 12. a3 a5 13. Nf1 Ba6 14. Bf4 Rfc8 15. Qd2 a4 16. Bh6 Na5 17. Qf4 Nb3 18. Rad1 cxd4 19. cxd4 Qd8 20. Ne3 Qf8 21. Bxg7 Qxg7 22. h4 Rc6 23. Bh3 Ra7 24. Ng4 Kh8 25. Nh6 Nf8 26. Ng5 Rcc7 27. Re3 Bb5 28. Rc3 Be8 29. Rdd3 Na5 30. Rf3 Nc4 31. b4 axb3 32. Rxb3 b5 33. Rbc3 Rcb7 34. Bf1 Rc7 35. Kh2 Rcb7 36. g4 Re7 37. h5 Rec7 38. Rh3 Rcb7 39. Rcf3 b4 40. axb4 Ra2 41. Nhxf7+ 1-0

[Event "El Sauzal op 9th"]
[Site "El Sauzal"]
[Date "2008.11.01"]
[Round "3"]
[White "Alonso Martinez, Tomas"]
[Black "Movsziszian, Karen"]
[Result "0-1"]
[WhiteElo "2152"]
[BlackElo "2558"]
[PlyCount "71"]
[EventDate "2008.11.01"]
[EventType "swiss (rapid)"]
[EventRounds "9"]
[EventCountry "ESP"]
[SourceTitle "CBM 127 Extra"]
[Source "ChessBase"]
[SourceDate "2009.01.08"]
[SourceVersion "2"]
[SourceVersionDate "2009.01.28"]
[SourceQuality "1"]

1. e4 g6 2. d4 Bg7 3. Nf3 d6 4. c3 Nf6 5. Bd3 0-0 6. 0-0 c5 7. Re1 Bg4 8. dxc5 dxc5 9. h3 Bxf3 10. Qxf3 Nc6 11. Bf1 Qc7 12. Na3 Nd7 13. Bf4 e5 14. Bh2 a6 15. Nc4 b5 16. Ne3 Ne7 17. a4 c4 18. g4 Nc5 19. axb5 axb5 20. Nd5 Nxd5 21. exd5 Rxa1 22. Rxa1 Rd8 23. Bg2 h6 24. Qe3 Kh7 25. Bg3 Rd7 26. h4 Nd3 27. b4 Nf4 28. Bxf4 exf4 29. Qc5 Bxc3 30. Ra8 Bg7 31. Rc8 Qe5 32. Bf3 c3 33. Kg2 Qe1 34. Rc7 Bd4 35. Qxd4 Rxc7 36. d6 0-1

[Event "ESP-chT fin"]
[Site "Sanxenxo"]
[Date "2003.11.19"]
[Round "3"]
[White "Pablo Marin, Alejandro"]
[Black "Alonso Martinez, Tomas"]
[Result "1-0"]
[WhiteElo "2413"]
[BlackElo "2165"]
[PlyCount "63"]
[EventDate "2003.11.17"]
[EventType "team"]
[EventRounds "6"]
[EventCountry "ESP"]
[SourceTitle "CBM 097 Extra"]
[Source "ChessBase"]
[SourceDate "2004.01.13"]
[SourceVersion "1"]
[SourceVersionDate "2004.01.13"]
[SourceQuality "1"]

1. e4 e5 2. Bc4 Nf6 3. d3 Nc6 4. Nf3 Bc5 5. 0-0 d6 6. c3 0-0 7. Nbd2 a6 8. Bb3 Qe7 9. Nc4 Be6 10. d4 Bxc4 11. Bxc4 Bb6 12. Re1 Rad8 13. Bg5 h6 14. Bh4 g5 15. Bg3 Nxe4 16. Rxe4 d5 17. Re1 dxc4 18. Nxe5 Nxe5 19. Rxe5 Qf6 20. Qe2 c5 21. dxc5 Bc7 22. Re3 Bxg3 23. hxg3 b5 24. cxb6 Qxb6 25. Re1 Rc8 26. Rd1 Rc6 27. Rd2 Rfc8 28. Re8+ Rxe8 29. Qxe8+ Kg7 30. Rd8 Re6 31. Qh8+ Kg6 32. g4 1-0

[Event "ESP-chT fin"]
[Site "Sanxenxo"]
[Date "2003.11.17"]
[Round "1"]
[White "Gil Capape, Javier"]
[Black "Alonso Martinez, Tomas"]
[Result "1-0"]
[WhiteElo "2444"]
[BlackElo "2165"]
[PlyCount "39"]
[EventDate "2003.11.17"]
[EventType "team"]
[EventRounds "6"]
[EventCountry "ESP"]
[SourceTitle "CBM 097 Extra"]
[Source "ChessBase"]
[SourceDate "2004.01.13"]
[SourceVersion "1"]
[SourceVersionDate "2004.01.13"]
[SourceQuality "1"]

1. d4 c5 2. d5 Nf6 3. Nc3 Na6 4. e4 d6 5. Bg5 Nc7 6. f4 g6 7. Bc4 h6 8. Bh4 Bg7 9. e5 Nh5 10. Qd2 dxe5 11. fxe5 Bxe5 12. Nf3 Bf6 13. Bf2 b6 14. h3 g5 15. 0-0-0 Bg7 16. g4 Nf4 17. Bg3 0-0 18. h4 f6 19. Bxf4 gxf4 20. d6+ 1-0

[Event "Galicia-ch Absoluto"]
[Site "Mondariz"]
[Date "2003.04.16"]
[Round "5.2"]
[White "Salgado Lopez, Ivan"]
[Black "Alonso Martinez, Tomas"]
[Result "1-0"]
[WhiteElo "2174"]
[BlackElo "2157"]
[PlyCount "113"]
[EventDate "2003.04.12"]
[EventType "swiss"]
[EventRounds "9"]
[EventCountry "ESP"]
[SourceTitle "EXT 2004"]
[Source "ChessBase"]
[SourceDate "2003.11.25"]
[SourceVersion "1"]
[SourceVersionDate "2003.11.25"]
[SourceQuality "1"]

1. e4 c5 2. Nf3 Nc6 3. d4 cxd4 4. Nxd4 g6 5. Nc3 Bg7 6. Nde2 Nf6 7. g3 d6 8. Bg2 0-0 9. 0-0 Bd7 10. Nd5 Ne5 11. a4 Nc4 12. Ra2 Nxd5 13. exd5 Qc8 14. b3 Ne5 15. c4 Bh3 16. Be3 Bxg2 17. Kxg2 Qf5 18. f3 Rfe8 19. Nd4 Qc8 20. Re2 a6 21. h3 e6 22. dxe6 fxe6 23. f4 Nf7 24. Kh2 d5 25. cxd5 exd5 26. Qd3 Qd7 27. Rfe1 Rad8 28. Nf3 Re7 29. Bc5 Rxe2+ 30. Rxe2 d4 31. Rd2 Qd5 32. Bxd4 Bxd4 33. Nxd4 g5 34. Qe3 b5 35. Nf3 Qc6 36. Rxd8+ Nxd8 37. Nxg5 bxa4 38. bxa4 Qc2+ 39. Kg1 Qxa4 40. Qd3 Qa1+ 41. Kg2 Qb2+ 42. Kf1 Qc1+ 43. Kf2 Qb2+ 44. Kf3 Qb7+ 45. Kg4 Nc6 46. Qd5+ Kh8 47. Qe6 Kg7 48. f5 Nd8 49. f6+ Kf8 50. Qd6+ Ke8 51. Kh5 Qa7 52. Qe5+ Kf8 53. Qd5 Nf7 54. Nxh7+ Ke8 55. Ng5 a5 56. Qe6+ Kf8 57. Qc8+ 1-0

[Event "Galicia-ch Absoluto"]
[Site "Mondariz"]
[Date "2003.04.15"]
[Round "4.4"]
[White "Alonso Martinez, Tomas"]
[Black "Outerelo Ucha, Manuel"]
[Result "1/2-1/2"]
[WhiteElo "2157"]
[BlackElo "2227"]
[PlyCount "43"]
[EventDate "2003.04.12"]
[EventType "swiss"]
[EventRounds "9"]
[EventCountry "ESP"]
[SourceTitle "EXT 2004"]
[Source "ChessBase"]
[SourceDate "2003.11.25"]
[SourceVersion "1"]
[SourceVersionDate "2003.11.25"]
[SourceQuality "1"]

1. c4 e6 2. b3 d5 3. Bb2 Nf6 4. g3 c5 5. cxd5 exd5 6. Nf3 Nc6 7. Bg2 Be7 8. 0-0 0-0 9. d4 Ne4 10. dxc5 Bxc5 11. Nc3 Nxc3 12. Bxc3 d4 13. Bb2 Bg4 14. Qc1 Qe7 15. Qf4 Qxe2 16. Bxd4 Bxf3 17. Bxc5 Bxg2 18. Kxg2 Rfe8 19. Qf3 Qb5 20. Be3 Ne5 21. Qe4 Nc6 22. Qf3 1/2-1/2

[Event "Villa de Albox op 3rd"]
[Site "Villa de Albox"]
[Date "2002.07.25"]
[Round "7"]
[White "Alonso Martinez, Tomas"]
[Black "Vella Ramirez, Alfonso"]
[Result "1-0"]
[WhiteElo "2213"]
[BlackElo "2157"]
[PlyCount "97"]
[EventDate "2002.07.22"]
[EventType "swiss"]
[EventRounds "9"]
[EventCountry "ESP"]
[SourceTitle "CBM 089 Extra"]
[Source "ChessBase"]
[SourceDate "2002.09.10"]
[SourceVersion "2"]
[SourceVersionDate "2002.09.10"]
[SourceQuality "1"]

1. c4 f5 2. Nc3 Nf6 3. g3 g6 4. Bg2 Bg7 5. e3 d6 6. Nge2 0-0 7. 0-0 c6 8. Rb1 e5 9. d3 Be6 10. b3 Na6 11. d4 Nc7 12. dxe5 dxe5 13. Ba3 Rf7 14. Qc2 Qe8 15. Rbd1 Rd8 16. Bd6 Bc8 17. Rd2 Bf8 18. Rfd1 Rxd6 19. Rxd6 Bxd6 20. Rxd6 Rd7 21. Rxf6 Qd8 22. Rxc6 bxc6 23. Bxc6 Rd6 24. Bg2 Be6 25. Qc1 Bf7 26. h4 g5 27. hxg5 Qxg5 28. Qa3 Rh6 29. Qxa7 Qd8 30. Qc5 Ne6 31. Qd5 Qf6 32. Qa8+ Kg7 33. Nd5 Qg6 34. Qb8 Qg4 35. Qxe5+ Kf8 36. f3 Qh5 37. Kf2 Ng5 38. Ng1 Bxd5 39. cxd5 Nf7 40. Qb8+ Kg7 41. Nh3 Qg6 42. Qb4 Qa6 43. a4 Rb6 44. Qc3+ Kf8 45. Nf4 Qb7 46. Ne6+ Ke7 47. f4 Kd6 48. Qc5+ Kd7 49. Qf8 1-0

[Event "Villa de Albox op 3rd"]
[Site "Villa de Albox"]
[Date "2002.07.23"]
[Round "2"]
[White "Perez Garcia, Rodney Oscar"]
[Black "Alonso Martinez, Tomas"]
[Result "1/2-1/2"]
[WhiteElo "2435"]
[BlackElo "2213"]
[PlyCount "29"]
[EventDate "2002.07.22"]
[EventType "swiss"]
[EventRounds "9"]
[EventCountry "ESP"]
[SourceTitle "CBM 089 Extra"]
[Source "ChessBase"]
[SourceDate "2002.09.10"]
[SourceVersion "2"]
[SourceVersionDate "2002.09.10"]
[SourceQuality "1"]

1. e4 c5 2. Nf3 g6 3. d4 cxd4 4. Qxd4 Nf6 5. Bb5 Nc6 6. Bxc6 dxc6 7. Qxd8+ Kxd8 8. Nc3 Bg7 9. Bf4 Ke8 10. Be5 Nh5 11. Bxg7 Nxg7 12. 0-0-0 Bg4 13. Rd3 Bxf3 14. Rxf3 Rd8 15. Rd1 1/2-1/2

[Event "Mondariz-A"]
[Site "Mondariz"]
[Date "1999.??.??"]
[Round "8"]
[White "Rivera Kuzawka, Daniel"]
[Black "Alonso Martinez, Tomas"]
[Result "1/2-1/2"]
[WhiteElo "2360"]
[BlackElo "2220"]
[PlyCount "46"]
[EventDate "1999.??.??"]
[EventType "tourn"]
[EventRounds "9"]
[EventCountry "ESP"]
[EventCategory "4"]
[SourceTitle "EXT 2000"]
[Source "ChessBase"]
[SourceDate "1999.11.16"]
[SourceVersion "1"]
[SourceVersionDate "1999.11.16"]
[SourceQuality "1"]

1. e4 e5 2. Nf3 Nf6 3. d4 Nxe4 4. Bd3 d5 5. Nxe5 Nd7 6. Nxd7 Bxd7 7. 0-0 Qh4 8. g3 Qf6 9. Nc3 Nxc3 10. bxc3 0-0-0 11. Qh5 g6 12. Qxd5 Bh3 13. Bg5 Qxf2+ 14. Rxf2 Rxd5 15. Bf6 Rg8 16. Re1 Bh6 17. Rfe2 Rd6 18. Be7 Re6 19. Bc4 Rxe2 20. Rxe2 Kd7 21. Bc5 Re8 22. Kf2 Rxe2+ 23. Kxe2 Bg4+ 1/2-1/2

[Event "Nigran op"]
[Site "Nigran"]
[Date "1998.??.??"]
[Round "3"]
[White "Alonso Martinez, Tomas"]
[Black "Adla, Diego Gustavo"]
[Result "0-1"]
[WhiteElo "2205"]
[BlackElo "2425"]
[PlyCount "64"]
[EventDate "1998.??.??"]
[EventType "swiss"]
[EventRounds "9"]
[EventCountry "ESP"]
[SourceTitle "EXT 2004"]
[Source "ChessBase"]
[SourceDate "2003.11.25"]
[SourceVersion "1"]
[SourceVersionDate "2003.11.25"]
[SourceQuality "1"]

1. e4 c6 2. d4 d5 3. e5 Bf5 4. h4 h5 5. Be2 c5 6. Bxh5 Nc6 7. c3 e6 8. Be2 Rxh4 9. Rxh4 Qxh4 10. Be3 Nh6 11. Nd2 Ng4 12. Ndf3 Nxe3 13. Nxh4 Nxd1 14. Rxd1 Bc2 15. Rd2 Bb1 16. Bd3 Bxa2 17. b4 cxd4 18. Rxa2 dxc3 19. Bb5 Bxb4 20. Kd1 Ke7 21. Bxc6 bxc6 22. Ne2 a5 23. Kc2 Rh8 24. g3 Rh5 25. f4 c5 26. Nxc3 g5 27. Ng2 Rh3 28. Ne1 Rxg3 29. Nd3 Bxc3 30. Kxc3 c4 31. fxg5 Rxd3+ 32. Kc2 Rg3 0-1

[Event "San Sebastian op"]
[Site "San Sebastian"]
[Date "1996.??.??"]
[Round "?"]
[White "Alonso Martinez, Tomas"]
[Black "Strikovic, Aleksa"]
[Result "1/2-1/2"]
[WhiteElo "2260"]
[BlackElo "2520"]
[PlyCount "49"]
[EventDate "1996.??.??"]
[EventType "swiss"]
[EventRounds "9"]
[EventCountry "ESP"]
[SourceTitle "EXT 2001"]
[Source "ChessBase"]
[SourceDate "2000.11.22"]
[SourceVersion "1"]
[SourceVersionDate "2000.11.22"]
[SourceQuality "1"]

1. e4 d5 2. exd5 Nf6 3. d4 Bg4 4. Nf3 Qxd5 5. Nc3 Qa5 6. h3 Bxf3 7. Qxf3 c6 8. Be2 Nbd7 9. 0-0 e6 10. Bf4 Be7 11. Rad1 0-0 12. a3 Rfe8 13. Rfe1 Rad8 14. Bf1 Nf8 15. Be5 Ng6 16. b4 Qxa3 17. Ra1 Qxb4 18. Reb1 Nxe5 19. dxe5 Qd4 20. exf6 Bxf6 21. Rb3 a6 22. Ra4 Qa7 23. Rf4 Bd4 24. Rxf7 Rf8 25. Rbxb7 1/2-1/2

[Event "La Coruna op"]
[Site "La Coruna"]
[Date "1996.??.??"]
[Round "?"]
[White "Suarez Pousa, Diego"]
[Black "Alonso Martinez, Tomas"]
[Result "1-0"]
[WhiteElo "2330"]
[BlackElo "2260"]
[PlyCount "73"]
[EventDate "1996.07.??"]
[EventType "swiss"]
[EventRounds "9"]
[EventCountry "ESP"]
[SourceTitle "EXT 1997"]
[Source "ChessBase"]
[SourceDate "1996.11.15"]
[SourceVersion "1"]
[SourceVersionDate "1996.11.15"]
[SourceQuality "1"]

1. e4 e5 2. Nf3 Nf6 3. Nc3 Nc6 4. Bc4 Nxe4 5. Nxe4 d5 6. Bd3 dxe4 7. Bxe4 Bd6 8. 0-0 0-0 9. h3 Be6 10. Re1 Qf6 11. b3 Rfe8 12. d3 h6 13. Bd2 Rab8 14. Bxc6 bxc6 15. Bc3 Bd5 16. Nd2 Bc5 17. Qe2 Bd6 18. Ne4 Qe6 19. Qh5 Rf8 20. f4 f6 21. Nd2 Rbe8 22. Nc4 e4 23. Nxd6 cxd6 24. Bb2 Qf7 25. Qxf7+ Rxf7 26. c4 Be6 27. Rxe4 Rfe7 28. Ba3 c5 29. d4 cxd4 30. Bxd6 Rd7 31. c5 Bf7 32. Rxd4 Re2 33. c6 Rd8 34. c7 Rc8 35. f5 Be8 36. Bf4 Kf7 37. Rd8 1-0

[Event "ESP-chT"]
[Site "Cordoba"]
[Date "1995.??.??"]
[Round "2"]
[White "Nava Pereda, Carlos"]
[Black "Alonso Martinez, Tomas"]
[Result "1/2-1/2"]
[WhiteElo "2335"]
[BlackElo "2200"]
[PlyCount "122"]
[EventDate "1995.??.??"]
[EventType "team"]
[EventRounds "9"]
[EventCountry "ESP"]
[SourceTitle "EXT 2000"]
[Source "ChessBase"]
[SourceDate "1999.11.16"]
[SourceVersion "1"]
[SourceVersionDate "1999.11.16"]
[SourceQuality "1"]

1. d4 d5 2. c4 e6 3. Nf3 c6 4. Qc2 dxc4 5. Qxc4 b5 6. Qb3 a6 7. a4 Bb7 8. Bg5 Qd6 9. Nc3 Nd7 10. e3 Qb4 11. Nd2 Ngf6 12. Be2 Qxb3 13. Nxb3 b4 14. Nb1 c5 15. 0-0 Ne4 16. Bh4 g5 17. Na5 Bd5 18. f3 gxh4 19. fxe4 Bxe4 20. Nd2 Bg6 21. Ndc4 cxd4 22. exd4 Bg7 23. Bf3 Bxd4+ 24. Kh1 0-0 25. Bxa8 Rxa8 26. Rfd1 e5 27. Nc6 Nb6 28. Rxd4 exd4 29. Ne7+ Kf8 30. Nxb6 Re8 31. Nxg6+ hxg6 32. Rd1 Re2 33. h3 Rxb2 34. Rxd4 g5 35. a5 b3 36. Rb4 f5 37. Nd7+ Ke7 38. Nc5 Rb1+ 39. Kh2 b2 40. Nxa6 g4 41. hxg4 fxg4 42. Nb8 g3+ 43. Kh3 Rh1+ 44. Kg4 b1Q 45. Rxb1 Rxb1 46. Nc6+ Kd6 47. Nd8 Rb4+ 48. Kh3 Ra4 49. Nf7+ Ke6 50. Ng5+ Kf5 51. Nf3 Kf4 52. Kxh4 Rxa5 53. Ng1 Ra3 54. Ne2+ Ke3 55. Nxg3 Kf2 56. Ne4+ Kxg2 57. Kg4 Ra8 58. Kf4 Rf8+ 59. Ke3 Rf7 60. Kd4 Rd7+ 61. Ke3 Kh3 1/2-1/2